Největší dosud nevyprávěný příběh /

Hlavní autor: Richter, Miloslav
Jazyk: Čeština
Vydáno: České Budějovice : Nová Forma, 2012
Vydání: 1. vyd.
Témata:
Fyzický popis: 446 s. ; 22 cm
Knihy
Uloženo v:
LEADER 00983nam a2200313 a 4500
001 nkc20132436247
003 CZ PrNK
005 20130205141142.0
007 ta
008 130114s2012 xr g 000 f cze
015 |a cnb002436247 
020 |a 978-80-7453-298-6  |q (váz.) 
035 |a (OCoLC)829662199 
040 |a OLA001  |b cze  |d ABA001 
072 7 |a 821.162.3-3  |x Česká próza  |2 Konspekt  |9 25 
080 |a 821.162.3-31  |2 MRF 
080 |a (0:82-31)  |2 MRF 
100 1 |a Richter, Miloslav  |7 ola2013742099  |4 aut 
245 1 0 |a Největší dosud nevyprávěný příběh /  |c Miloslav Richter 
250 |a 1. vyd. 
260 |a České Budějovice :  |b Nová Forma,  |c 2012 
300 |a 446 s. ;  |c 22 cm 
655 7 |a české romány  |7 fd133974  |2 czenas 
655 9 |a Czech fiction  |2 eczenas 
910 2 |a BOA001  |b 2-1296.857 
990 |a BK 
995 |a 01 
991 |b 201302  |e b 
996 6 |b 2610536257  |c 2-1296.857  |l MZK  |r Sklad / do 1 hodiny  |n 0  |p p.v.  |w 001309253  |u 000010  |a 1  |e BOA001  |j MZK50  |s P